[Event "3. Lovsprings EMT Mesterklassen 1991"]
[Site "Ringsted"]
[Date "1991.05.17"]
[Round "5"]
[White "Pedersen, Hans Dahl"]
[Black "Sivertsen, Palle"]
[Result "1-0"]
[WhiteElo "2180"]
[BlackElo "2109"]
[PlyCount "105"]
[EventDate "1991.??.??"]

1. d4 Nf6 2. c4 e5 3. dxe5 Ng4 4. Bf4 Nc6 5. Nf3 Bb4+ 6. Nc3 Bxc3+ 7. bxc3 Qe7
8. Qd5 Qa3 9. Rc1 Ne7 10. Qd2 Ng6 11. e3 Qa5 12. Be2 N4xe5 13. Nxe5 Nxe5 14.
Qd5 Qxd5 15. cxd5 d6 16. Bxe5 dxe5 17. c4 Bf5 18. O-O O-O-O 19. f3 c5 20. e4
Bg6 21. Rc3 f6 22. Rb1 Rd6 23. Ra3 Kb8 24. Rab3 b6 25. a4 Kb7 26. a5 Rb8 27.
Ra3 Kc7 28. Kf2 Be8 29. Bd1 Bd7 30. Ba4 Bxa4 31. Rxa4 Rdd8 32. axb6+ axb6 33.
Ra7+ Rb7 34. Rba1 Rdb8 35. Ke3 g6 36. g3 g5 37. h3 Kd6 38. R1a6 h6 39. h4 Kc7
40. h5 Rf8 41. g4 Rfb8 42. Kd3 Kd7 43. Rxb6 Rxa7 44. Rxb8 Ra3+ 45. Ke2 Ra2+ 46.
Ke3 Ra3+ 47. Kf2 Ra2+ 48. Kg3 Ra4 49. Rh8 Rxc4 50. Rxh6 Ke7 51. Rh7+ Kf8 52. d6
Ke8 53. Re7+ 1-0

[Event "3. Lovsprings EMT Mesterklassen 1991"]
[Site "Ringsted"]
[Date "1991.05.17"]
[Round "5"]
[White "Frederiksen, Henrik"]
[Black "Hald, Jens Erik"]
[Result "1-0"]
[WhiteElo "2117"]
[BlackElo "2140"]
[PlyCount "75"]
[EventDate "1991.??.??"]

1. Nf3 Nf6 2. g3 g6 3. Bg2 Bg7 4. O-O O-O 5. c4 d6 6. Nc3 e5 7. d3 Nc6 8. Rb1
a5 9. a3 h6 10. b4 axb4 11. axb4 Be6 12. b5 Ne7 13. Qc2 Qd7 14. Re1 Bh3 15. Bh1
Ng4 16. Bd2 f5 17. Ra1 Rab8 18. Ra7 f4 19. Ne4 Nf5 20. c5 d5 21. c6 bxc6 22.
Nc5 Qe7 23. Na6 e4 24. dxe4 dxe4 25. Rxc7 Qe8 26. Qc4+ Kh8 27. Nxb8 Qxb8 28.
Qxc6 fxg3 29. hxg3 exf3 30. Bc3 Ne5 31. Qc5 Nf7 32. Bxf3 h5 33. Ra1 Qd8 34.
Raa7 N5h6 35. Be4 Kg8 36. Bxg7 Kxg7 37. Qc4 Qf6 38. b6 1-0

[Event "3. Lovsprings EMT Mesterklassen 1991"]
[Site "Ringsted"]
[Date "1991.05.17"]
[Round "5"]
[White "Nielsen, Max"]
[Black "Christensen, John"]
[Result "1/2-1/2"]
[WhiteElo "2009"]
[BlackElo "2054"]
[PlyCount "58"]
[EventDate "1991.??.??"]

1. e4 d6 2. d4 Nf6 3. Nc3 g6 4. Be3 Bg7 5. f3 O-O 6. Qd2 Nbd7 7. g4 c5 8. Nge2
b5 9. Ng3 b4 10. Nce2 Nb6 11. Nc1 cxd4 12. Bxd4 e5 13. Be3 d5 14. Bd3 Bb7 15.
Qxb4 dxe4 16. Bxb6 axb6 17. Nxe4 Nxe4 18. Bxe4 Qh4+ 19. Ke2 Bxe4 20. Qxe4 Qh3
21. Nd3 Rad8 22. Nf2 Qh4 23. Rad1 Bh6 24. Rxd8 Rxd8 25. Rd1 Rxd1 26. Nxd1 Qxh2+
27. Nf2 Bg5 28. a4 Be7 29. b4 Kg7 1/2-1/2

[Event "3. Lovsprings EMT Mesterklassen 1991"]
[Site "Ringsted"]
[Date "1991.05.17"]
[Round "5"]
[White "Andreasen, Jens"]
[Black "Elgaard, Brian"]
[Result "1/2-1/2"]
[WhiteElo "2003"]
[BlackElo "2051"]
[PlyCount "88"]
[EventDate "1991.??.??"]

1. d4 Nf6 2. Nf3 g6 3. g3 Bg7 4. Bg2 O-O 5. O-O d6 6. c4 c5 7. Nc3 Nc6 8. dxc5
dxc5 9. Be3 Be6 10. Qa4 Nd4 11. Bxd4 cxd4 12. Rfd1 Bd7 13. Rxd4 Bxa4 14. Rxd8
Rfxd8 15. Nxa4 Rac8 16. Ne5 Ne8 17. Nd3 Rxc4 18. Nc3 Bxc3 19. bxc3 Rxc3 20.
Bxb7 Nd6 21. Bf3 Nf5 22. Nf4 Nd4 23. Bd5 g5 24. Rd1 gxf4 25. Rxd4 e6 26. Rc4
Ra3 27. Be4 fxg3 28. hxg3 Rxa2 29. Bd3 a5 30. Rh4 a4 31. Bxh7+ Kg7 32. Bd3 a3
33. Ra4 Ra1+ 34. Kg2 a2 35. Kf3 Rb8 36. Ke3 Rb2 37. Bc4 Rc2 38. Bd3 Rb2 39. Bc4
Rc1 40. Bxa2 Kf6 41. Bc4 Rb6 42. Bd3 e5 43. Ke4 Rc5 44. f4 exf4 1/2-1/2

[Event "3. Lovsprings EMT Mesterklassen 1991"]
[Site "Ringsted"]
[Date "1991.05.17"]
[Round "5"]
[White "Arnkilde, Anders"]
[Black "Frederiksen, Obert"]
[Result "1-0"]
[WhiteElo "2026"]
[BlackElo "1996"]
[PlyCount "115"]
[EventDate "1991.??.??"]

1. e4 c5 2. Nf3 d6 3. d4 cxd4 4. Nxd4 Nf6 5. Nc3 a6 6. a4 e5 7. Nb3 Be6 8. Be2
Be7 9. O-O Nbd7 10. Be3 O-O 11. Bf3 Re8 12. Qe2 Qc7 13. Nd2 Nb6 14. Rfd1 Rad8
15. a5 Nc8 16. Ndb1 Kh8 17. h3 h6 18. Ra4 Qc6 19. b3 Nh7 20. Nd5 Bxd5 21. exd5
Qd7 22. Rc4 f5 23. Bh5 Rf8 24. f4 Rf6 25. Qf2 Rg8 26. Nc3 g5 27. fxg5 Nxg5 28.
Kh2 Bd8 29. b4 Ne7 30. h4 Nh7 31. Qd2 f4 32. Bb6 Nf5 33. Bf2 Rff8 34. Qe1 Qg7
35. Bf3 Nf6 36. Qe2 Nh5 37. Ne4 Nhg3 38. Bxg3 Nxg3 39. Nxg3 Qxg3+ 40. Kg1 Bxh4
41. Rc7 Rg7 42. Rxg7 Qxg7 43. Qe4 Qg3 44. c4 Be7 45. c5 Qg5 46. c6 bxc6 47.
dxc6 Rc8 48. Qe2 Rc7 49. Qxa6 e4 50. Bxe4 f3 51. Bxf3 Bf6 52. Qa8+ Kg7 53. Qe8
Re7 54. Qh5 Qe3+ 55. Kf1 Re5 56. Qg4+ Rg5 57. Qd7+ Kg6 58. c7 1-0

[Event "3. Lovsprings EMT Mesterklassen 1991"]
[Site "Ringsted"]
[Date "1991.05.17"]
[Round "5"]
[White "Madsen, Morten"]
[Black "Bruun, Erling"]
[Result "0-1"]
[WhiteElo "1850"]
[BlackElo "1900"]
[PlyCount "123"]
[EventDate "1991.??.??"]

1. e4 d6 2. d4 Nf6 3. Nc3 g6 4. Be2 Bg7 5. f4 O-O 6. Nf3 c5 7. dxc5 Qa5 8. Bd2
Qxc5 9. b4 Qb6 10. h3 Be6 11. b5 Rc8 12. Na4 Qc7 13. e5 dxe5 14. fxe5 Ne4 15.
O-O Nxd2 16. Qxd2 Qxc2 17. Qxc2 Rxc2 18. Bd3 Rxa2 19. Be4 Nd7 20. Rxa2 Bxa2 21.
Bxb7 Rb8 22. Bc6 Nxe5 23. Nxe5 Bxe5 24. Kh1 Bd4 25. Rf3 Bc4 26. Nc3 Bxc3 27.
Rxc3 Bxb5 28. Bxb5 Rxb5 29. Rc7 Rb1+ 30. Kh2 Re1 31. Rxa7 h5 32. Kg3 g5 33. Kf2
Re5 34. Kf3 Kg7 35. Ra6 e6 36. Ra7 Kg6 37. Ra8 h4 38. Rg8+ Kf5 39. Rf8 f6 40.
g4+ hxg3 41. Kxg3 Re3+ 42. Kg2 e5 43. Rh8 e4 44. h4 gxh4 45. Rxh4 Kg5 46. Rh8
Rf3 47. Re8 f5 48. Re5 Kf4 49. Ra5 Rg3+ 50. Kh2 Rd3 51. Kg2 Rd2+ 52. Kf1 e3 53.
Ke1 Rf2 54. Ra4+ Kf3 55. Rh4 Rg2 56. Rh3+ Rg3 57. Rh1 f4 58. Rf1+ Ke4 59. Ke2
Rg2+ 60. Ke1 f3 61. Rh1 Kd3 62. Rf1 0-1

[Event "3. Lovsprings EMT Mesterklassen 1991"]
[Site "Ringsted"]
[Date "1991.05.24"]
[Round "6"]
[White "Pedersen, Hans Dahl"]
[Black "Madsen, Hans Henrik"]
[Result "1/2-1/2"]
[WhiteElo "2180"]
[BlackElo "2170"]
[PlyCount "35"]
[EventDate "1991.??.??"]

1. d4 Nf6 2. Nf3 c5 3. g3 cxd4 4. Nxd4 Nc6 5. Bg2 g6 6. O-O Bg7 7. c3 O-O 8.
Re1 d6 9. e4 Ng4 10. h3 Nge5 11. f4 Qb6 12. Kh2 Nxd4 13. cxd4 Nc6 14. d5 Bxb2
15. Bxb2 Qxb2 16. Nd2 Nb4 17. Nb3 Bd7 18. Re2 1/2-1/2

[Event "3. Lovsprings EMT Mesterklassen 1991"]
[Site "Ringsted"]
[Date "1991.05.24"]
[Round "6"]
[White "Jensen, Leif"]
[Black "Sivertsen, Palle"]
[Result "0-1"]
[WhiteElo "2073"]
[BlackElo "2109"]
[PlyCount "94"]
[EventDate "1991.??.??"]

1. e4 Nc6 2. d4 e5 3. d5 Nce7 4. c4 Ng6 5. Nc3 Nf6 6. Bg5 Bc5 7. Qf3 d6 8. Bxf6
gxf6 9. Nge2 f5 10. g3 fxe4 11. Nxe4 Bb4+ 12. Kd1 f5 13. Qb3 fxe4 14. Qxb4 O-O
15. Qe1 c6 16. Nc3 Qb6 17. Kc1 Rxf2 18. Be2 Bg4 19. Qxf2 Qxf2 20. Bxg4 Rf8 21.
Be2 cxd5 22. cxd5 Qg2 23. Kd2 Qf2 24. Raf1 Qd4+ 25. Kc2 Rf2 26. Rxf2 Qxf2 27.
Kd2 Qd4+ 28. Kc2 a6 29. Bg4 Qf2+ 30. Kb3 e3 31. a3 Kg7 32. Rc1 Qxh2 33. Ne4 e2
34. Re1 h5 35. Rxe2 Qh1 36. Be6 Qf3+ 37. Nc3 Qxg3 38. Ka2 Nf4 39. Ne4 Qg6 40.
Re1 Nxe6 41. dxe6 Qxe6+ 42. Ka1 d5 43. Rg1+ Kh6 44. Ng5 Qg6 45. Nf3 Qf5 46. Nh4
Qf2 47. Rh1 e4 0-1

[Event "3. Lovsprings EMT Mesterklassen 1991"]
[Site "Ringsted"]
[Date "1991.05.24"]
[Round "6"]
[White "Christensen, John"]
[Black "Frederiksen, Henrik"]
[Result "1-0"]
[WhiteElo "2054"]
[BlackElo "2117"]
[PlyCount "59"]
[EventDate "1991.??.??"]

1. Nf3 Nf6 2. b3 g6 3. Bb2 Bg7 4. c4 O-O 5. g3 d6 6. Bg2 e5 7. d3 Nc6 8. O-O
Bg4 9. h3 Bd7 10. Nc3 Qc8 11. Kh2 Nh5 12. Nd5 f5 13. b4 Qd8 14. Qd2 f4 15. e3
g5 16. b5 Nb8 17. exf4 gxf4 18. gxf4 Bh6 19. Rg1 c6 20. Nxe5 dxe5 21. Bxe5 Ng7
22. Qb2 Qh4 23. Rae1 Rf7 24. Re3 cxd5 25. Bxd5 Bxf4+ 26. Bxf4 Qxf4+ 27. Reg3
Kf8 28. Bxf7 Nf5 29. Qf6 a6 30. Bg6+ 1-0

[Event "3. Lovsprings EMT Mesterklassen 1991"]
[Site "Ringsted"]
[Date "1991.05.24"]
[Round "6"]
[White "Elgaard, Brian"]
[Black "Hald, Jens Erik"]
[Result "1-0"]
[WhiteElo "2051"]
[BlackElo "2140"]
[PlyCount "71"]
[EventDate "1991.??.??"]

1. c4 Nf6 2. Nc3 g6 3. e4 d6 4. d4 Bg7 5. f3 O-O 6. Be3 Nc6 7. Qd2 a6 8. Nge2
Rb8 9. Rb1 b5 10. cxb5 axb5 11. b4 Bd7 12. h3 Ne8 13. Nc1 e5 14. Nxb5 exd4 15.
Nxd4 Nxd4 16. Bxd4 Bxd4 17. Qxd4 c5 18. Qf2 Rxb4 19. Rxb4 cxb4 20. Bc4 Qc7 21.
Qc2 Bb5 22. Bd3 Qb6 23. Bxb5 Qxb5 24. Nd3 Qb6 25. Qf2 Qb5 26. Qd4 Ng7 27. O-O
Ne6 28. Qd5 Qb6+ 29. Kh1 Rc8 30. f4 Qa6 31. Rf3 Nc5 32. f5 Nxd3 33. fxg6 Qa7
34. gxf7+ Kf8 35. Qxd6+ Qe7 36. Qh6# 1-0

[Event "3. Lovsprings EMT Mesterklassen 1991"]
[Site "Ringsted"]
[Date "1991.05.24"]
[Round "6"]
[White "Nielsen, Max"]
[Black "Andreasen, Jens"]
[Result "1/2-1/2"]
[WhiteElo "2009"]
[BlackElo "2003"]
[PlyCount "81"]
[EventDate "1991.??.??"]

1. e4 c5 2. Nf3 Nc6 3. d4 cxd4 4. Nxd4 Nf6 5. Nc3 d6 6. Bg5 e6 7. Qd2 Be7 8.
O-O-O O-O 9. Nb3 a5 10. a4 Nb4 11. Bb5 b6 12. Bxf6 gxf6 13. f4 Bb7 14. Rhe1 Rc8
15. Nd4 f5 16. exf5 e5 17. Nf3 Bxf3 18. gxf3 exf4 19. Qxf4 Kh8 20. Kb1 Bf6 21.
Qxd6 Qxd6 22. Rxd6 Bxc3 23. bxc3 Rxc3 24. Re8 Rxe8 25. Bxe8 Kg7 26. Rxb6 Rxf3
27. Rb5 Re3 28. Bd7 Re7 29. f6+ Kxf6 30. Bg4 Re4 31. h3 Rc4 32. Rf5+ Kg6 33.
Rxa5 Rf4 34. c3 Nd3 35. Rd5 Nf2 36. a5 Nxg4 37. hxg4 Rxg4 38. Kb2 Ra4 39. Kb3
Ra1 40. Kb2 Ra4 41. Kb3 1/2-1/2

[Event "3. Lovsprings EMT Mesterklassen 1991"]
[Site "Ringsted"]
[Date "1991.05.24"]
[Round "6"]
[White "Madsen, Morten"]
[Black "Arnkilde, Anders"]
[Result "0-1"]
[WhiteElo "1850"]
[BlackElo "2026"]
[PlyCount "106"]
[EventDate "1991.??.??"]

1. d4 Nf6 2. Nc3 d5 3. Bg5 Bf5 4. e3 g6 5. Bxf6 exf6 6. Bd3 Bxd3 7. Qxd3 Qd7 8.
Nf3 Bg7 9. O-O O-O 10. e4 dxe4 11. Nxe4 c6 12. Rfe1 Na6 13. Rad1 Rfd8 14. Qa3
f5 15. Nc5 Nxc5 16. Qxc5 Bf6 17. h3 Rac8 18. Ne5 Qc7 19. Qc3 Rd5 20. Qe3 Rcd8
21. Nf3 c5 22. c3 cxd4 23. Nxd4 Bxd4 24. cxd4 Qb6 25. Qc3 Qf6 26. Qc1 R5d7 27.
Qf4 Kg7 28. Re5 Qd6 29. Qf3 Qb6 30. Re2 Rxd4 31. Rde1 Rd3 32. Qf4 Qd6 33. Qc4
Rd7 34. Re8 Rc7 35. Qh4 Rd4 36. Qg5 h6 37. Qe3 f4 38. Qe2 Rd2 39. Qe4 Rcc2 40.
Rf1 Rxb2 41. Ra8 Re2 42. Qc4 Rbc2 43. Qb3 Qd4 44. Qa3 Kf6 45. Qf3 Rxa2 46. g4
Red2 47. h4 Kg7 48. g5 Rd3 49. Qxb7 Rg3+ 50. Kh1 Rh3+ 51. Kg2 Rxf2+ 52. Rxf2
Rg3+ 53. Kh1 Qd1+ 0-1

[Event "3. Lovsprings EMT Mesterklassen 1991"]
[Site "Ringsted"]
[Date "1991.05.31"]
[Round "7"]
[White "Elgaard, Brian"]
[Black "Madsen, Hans Henrik"]
[Result "1-0"]
[WhiteElo "2051"]
[BlackElo "2170"]
[PlyCount "91"]
[EventDate "1991.??.??"]

1. c4 d6 2. Nc3 g6 3. g3 Bg7 4. Bg2 e5 5. d3 Ne7 6. e3 O-O 7. Nge2 Nbc6 8. Rb1
Bf5 9. O-O Qd7 10. Re1 Be6 11. b4 d5 12. b5 Nd8 13. Qb3 dxc4 14. dxc4 Bh3 15.
Bh1 Qg4 16. Ba3 Re8 17. Rbd1 Ne6 18. Ne4 f5 19. f3 Qh5 20. Nf2 Kh8 21. Nxh3
Qxh3 22. Bg2 Qh5 23. Rd7 Ng8 24. c5 Nf6 25. c6 bxc6 26. bxc6 e4 27. f4 Rad8 28.
Rxd8 Nxd8 29. Nd4 Qh6 30. Bc5 Bf8 31. Bxa7 Bd6 32. a4 Qf8 33. Qc4 Bb4 34. Rd1
Ng4 35. Nc2 Be7 36. Rd7 Bf6 37. Bd4 Ne6 38. Bxf6+ Qxf6 39. h3 Nh6 40. Nd4 Nxd4
41. Qxd4 Qxd4 42. exd4 Ra8 43. Rxc7 Rxa4 44. Rd7 e3 45. c7 Rc4 46. Rd8+ 1-0

[Event "3. Lovsprings EMT Mesterklassen 1991"]
[Site "Ringsted"]
[Date "1991.05.31"]
[Round "7"]
[White "Arnkilde, Anders"]
[Black "Christensen, John"]
[Result "0-1"]
[WhiteElo "2026"]
[BlackElo "2054"]
[PlyCount "116"]
[EventDate "1991.??.??"]

1. e4 d6 2. d4 Nf6 3. Nc3 g6 4. Bc4 Bg7 5. Be3 O-O 6. f3 Nbd7 7. Qd2 a6 8. a4
b6 9. Nge2 c5 10. O-O Bb7 11. Rfd1 Qc7 12. dxc5 bxc5 13. Nf4 Ne5 14. Be2 Rfd8
15. a5 Bc6 16. Nfd5 Nxd5 17. exd5 Bd7 18. Na4 Bb5 19. Nb6 Rab8 20. c3 Qb7 21.
Bxb5 axb5 22. b4 Qc7 23. bxc5 dxc5 24. Bf4 Rxb6 25. axb6 Qxb6 26. Qe3 f6 27.
Bxe5 fxe5 28. Ra2 b4 29. cxb4 Qxb4 30. Qd2 Qd4+ 31. Kh1 Rxd5 32. Qxd4 exd4 33.
Ra8+ Kf7 34. Rc8 d3 35. Kg1 Ke6 36. Kf2 Kd7 37. Ra8 c4 38. Ke3 Re5+ 39. Kf4 Re2
40. Ra4 Be5+ 41. Kg4 Rxg2+ 42. Kh3 Rxh2+ 43. Kg4 Rg2+ 44. Kh4 Rc2 45. Kg4 d2
46. f4 Bf6 47. Kf3 c3 48. Ke2 Rc1 49. Ra1 Rxd1 50. Rxd1 Ke6 51. Ra1 Kf5 52. Rf1
Ke4 53. Kd1 h5 54. Rf2 h4 55. Rf1 Bd4 56. Rh1 Kd3 57. Rh3+ Be3 58. Rf3 c2# 0-1

[Event "3. Lovsprings EMT Mesterklassen 1991"]
[Site "Ringsted"]
[Date "1991.05.31"]
[Round "7"]
[White "Frederiksen, Henrik"]
[Black "Jensen, Leif"]
[Result "0-1"]
[WhiteElo "2117"]
[BlackElo "2073"]
[PlyCount "88"]
[EventDate "1991.??.??"]

1. Nf3 d5 2. g3 c6 3. Bg2 Bf5 4. O-O Nf6 5. d3 e6 6. Nbd2 Be7 7. Re1 Na6 8. Ne5
Qc7 9. Ndf3 Bd6 10. c3 h5 11. a4 h4 12. Qc2 hxg3 13. hxg3 Bxe5 14. Nxe5 Qxe5
15. Bf4 Bxd3 16. exd3 Qh5 17. b4 Rc8 18. Qd2 Nc7 19. Re5 Qh2+ 20. Kf1 Nh5 21.
Rae1 Nxf4 22. Qxf4 Qh7 23. R1e3 Qg6 24. Rf3 Ke7 25. Rg5 Qf6 26. Qd2 Qh6 27. Rf4
f6 28. Rgg4 g5 29. Rd4 e5 30. Qe3 Kf7 31. Rxd5 Nxd5 32. Qxa7 Rc7 33. Rc4 Re7
34. Qc5 Rd8 35. b5 Qh7 36. Ke2 Nf4+ 37. Kf1 Qxd3+ 38. Kg1 Ne2+ 39. Kh2 Rh8+ 40.
Bh3 Qd1 41. f4 g4 42. bxc6 Rxh3+ 43. Kg2 Rxg3+ 44. Kh2 Rh3+ 0-1

[Event "3. Lovsprings EMT Mesterklassen 1991"]
[Site "Ringsted"]
[Date "1991.05.31"]
[Round "7"]
[White "Jorgensen, Brian"]
[Black "Nielsen, Max"]
[Result "0-1"]
[WhiteElo "2240"]
[BlackElo "2009"]
[PlyCount "92"]
[EventDate "1991.??.??"]

1. c4 g6 2. Nc3 Bg7 3. g3 e5 4. Bg2 Nc6 5. Rb1 a5 6. a3 f5 7. b4 axb4 8. axb4
Nf6 9. b5 Ne7 10. Qb3 O-O 11. Nf3 Nh5 12. O-O h6 13. d3 Kh7 14. c5 d5 15. cxd6
Qxd6 16. Nd2 g5 17. Nc4 Qg6 18. Ba3 Re8 19. b6 c6 20. Nd6 Be6 21. Qb4 Reb8 22.
Ndb5 Bf8 23. g4 Nf4 24. Nd6 Nxg2 25. Kxg2 Nc8 26. gxf5 Bxf5 27. Nce4 Bxe4+ 28.
Qxe4 Qxe4+ 29. Nxe4 Rxa3 30. Nf6+ Kg7 31. Nd7 Rba8 32. Rfc1 Bd6 33. Rxc6 bxc6
34. b7 Ne7 35. Rb3 R3a7 36. bxa8=Q Rxa8 37. Rb7 Kf7 38. Nb6 Rb8 39. Nc4 Rd8 40.
Kf3 Ke6 41. h3 Rf8+ 42. Kg2 h5 43. f3 Ra8 44. Rb2 Ra1 45. Rc2 Nf5 46. Kh2 Nd4
0-1

[Event "3. Lovsprings EMT Mesterklassen 1991"]
[Site "Ringsted"]
[Date "1991.05.31"]
[Round "7"]
[White "Hald, Jens Erik"]
[Black "Madsen, Morten"]
[Result "1-0"]
[WhiteElo "2140"]
[BlackElo "1850"]
[PlyCount "157"]
[EventDate "1991.??.??"]

1. e4 b6 2. c4 Bb7 3. Nc3 g6 4. Nf3 c5 5. d4 Bg7 6. Be2 cxd4 7. Nxd4 Nc6 8. Be3
Rc8 9. O-O h5 10. f4 Bh6 11. Nxc6 Bxc6 12. Bd4 Rh7 13. f5 Bg5 14. Qe1 Nh6 15.
fxg6 fxg6 16. Qg3 e5 17. Bxe5 h4 18. Bd6 Nf7 19. Qd3 h3 20. g3 Be7 21. e5 Bxd6
22. exd6 Qg5 23. Ne4 Bxe4 24. Qxe4+ Qe5 25. Qxg6 Qd4+ 26. Rf2 Rg7 27. Qh5 Rc5
28. Qxh3 Qxd6 29. Rd1 Qe6 30. Qxe6+ dxe6 31. b3 Ke7 32. Bf1 Ng5 33. Bg2 b5 34.
cxb5 Rxb5 35. Rfd2 Kf6 36. Rd7 Rxd7 37. Rxd7 a5 38. Kf2 Rc5 39. Rd2 e5 40. Rb2
Kf5 41. h4 Nh7 42. Re2 Nf6 43. Bh3+ Kg6 44. Be6 Nh5 45. Bc4 Nf6 46. Kf3 e4+ 47.
Ke3 Rf5 48. Kd4 Rf3 49. Re3 Rf2 50. Be2 Rf5 51. g4 Rd5+ 52. Kc4 Rd2 53. a4 Rc2+
54. Kd4 Rd2+ 55. Kc5 Rc2+ 56. Kb5 Nd5 57. Rxe4 Nc3+ 58. Kb6 Nxe4 59. Bd3 Rc3
60. Bxe4+ Kf6 61. Bd5 Ke5 62. Bc4 Rg3 63. g5 Rg4 64. Kxa5 Kd6 65. Kb6 Rxh4 66.
g6 Rg4 67. Bf7 Rb4+ 68. Ka5 Rg4 69. Kb5 Rg5+ 70. Kb6 Rg4 71. Kb5 Rg5+ 72. Kc4
Rg4+ 73. Kd3 Kc5 74. Ke3 Rg3+ 75. Kf4 Rg2 76. Ke5 Re2+ 77. Kf6 Rf2+ 78. Ke7 Rg2
79. Kf8 1-0

[Event "3. Lovsprings EMT Mesterklassen 1991"]
[Site "Ringsted"]
[Date "1991.05.31"]
[Round "7"]
[White "Bruun, Erling"]
[Black "Frederiksen, Obert"]
[Result "0-1"]
[WhiteElo "1900"]
[BlackElo "1996"]
[PlyCount "120"]
[EventDate "1991.??.??"]

1. e4 c5 2. Nf3 d6 3. d4 cxd4 4. Nxd4 Nf6 5. Nc3 a6 6. f4 e5 7. Nf3 Qc7 8. a4
Nc6 9. Bd3 Bg4 10. h3 Bxf3 11. Qxf3 Be7 12. g4 Nd4 13. Qf2 h6 14. O-O Rf8 15.
Be3 Ne6 16. g5 Nh5 17. Nd5 Qd8 18. Bb6 Qc8 19. f5 Nef4 20. Qf3 Bd8 21. Bxd8
Qxd8 22. gxh6 gxh6 23. Kh2 Nxd5 24. Qxh5 Nf4 25. Qxh6 Qe7 26. f6 Qe6 27. Rxf4
exf4 28. Qxf4 Rh8 29. Qf5 Qe5+ 30. Qxe5+ dxe5 31. Rg1 O-O-O 32. Rg7 Rhf8 33.
Kg3 Rd6 34. h4 Rxf6 35. Kg4 Rg6+ 36. Rxg6 fxg6 37. Kg5 Rf4 38. Kxg6 Rxh4 39.
Kf5 Rh5+ 40. Ke6 Kc7 41. Kd5 Kd7 42. b4 Kc7 43. b5 a5 44. c4 Rh3 45. Be2 Rh2
46. Bg4 Ra2 47. c5 b6 48. cxb6+ Kxb6 49. Kxe5 Rxa4 50. Kd5 Rb4 51. Be2 a4 52.
Bc4 a3 53. Ba2 Kc7 54. e5 Rxb5+ 55. Ke6 Rb2 56. Bd5 a2 57. Bxa2 Rxa2 58. Ke7
Re2 59. e6 Re3 60. Kf7 Kd6 0-1

[Event "3. Lovsprings EMT Mesterklassen 1991"]
[Site "Ringsted"]
[Date "1991.05.31"]
[Round "7"]
[White "Christensen, Lars (1957)"]
[Black "Pedersen, Hans Dahl"]
[Result "1/2-1/2"]
[WhiteElo "2084"]
[BlackElo "2180"]
[PlyCount "78"]
[EventDate "1991.??.??"]

1. e4 c6 2. d4 d5 3. exd5 cxd5 4. c3 Nf6 5. Nf3 Nc6 6. Bf4 e6 7. Bd3 Bd6 8.
Bxd6 Qxd6 9. O-O O-O 10. Nbd2 b6 11. Re1 Qf4 12. g3 Qh6 13. Ne5 Nxe5 14. Rxe5
g6 15. f4 Bd7 16. Be2 Rfc8 17. a4 a5 18. Qf1 Ne8 19. Bb5 Bxb5 20. Qxb5 Rab8 21.
Rae1 Nf6 22. Nf3 Qf8 23. Nd2 Qe8 24. Qxe8+ Nxe8 25. Nb3 Nd6 26. R5e2 Ne4 27.
Nd2 Nxd2 28. Rxd2 Rc4 29. Ra1 Kg7 30. Rc2 Rbc8 31. Re2 Kf6 32. Kf2 h5 33. h4
Rb8 34. Kf3 Kf5 35. Re5+ Kf6 36. Re2 Kf5 37. Re5+ Kf6 38. Re2 Rbc8 39. Ke3 Rb8
1/2-1/2